Statistiques concernant Animaux

Cliquez ici pour prendre le quiz!

Statistiques générales

  • Ce quiz a été pris 1 296 fois
  • Le résultat moyen est 5 sur 9

Statistiques - réponses

HintRéponse% Correct
Roi des animauxTrop facileLion
97%
Le meilleur ami de l'ommeFacileChien
92%
Le plus petit animalFacilePou
81%
Animal de basse courFacilePoule
76%
Le plus lent des animauxDurParesseux
56%
Animaux a corneUn peux facileRhinocéros
39%
L'animal le plus propreFacileCochon
29%
Le plus moche des animauxTrès durBob fish
2%
Il saute en arbre en arbreTrès tres durSphermophile
1%

Distribution des résultats

Percentile par nombre de réponses

% des personnes avec chaque résultat

Votre développement - résultats

Vous n’avez pas pris ce quiz